| 000 | 01011cam a2200253 4500 | ||
|---|---|---|---|
| 001 | ABS65653 | ||
| 008 | 020624n2002 000 0 eng u | ||
| 035 | _a(Sirsi) u118502 | ||
| 100 | _aPartridge, C. | ||
| 245 | _aRating revamp: who will pay what | ||
| 260 | _c2002 | ||
| 490 |
_aEstates Gazette _v(0222) 1 June 2002, 124-126(3) |
||
| 520 | _aExamines the white paper "Strong leadership - quality public services" published in the late stages of 2001 which incorporated government's proposals for the reform of the local government rating and council tax systems. Gives opinion of the implications of the white paper on the rating systems covering: the BIDs scheme; council tax revaluation and transitional arrangements. | ||
| 590 | _aABS | ||
| 650 | _aTRANSITIONAL RELIEF | ||
| 650 | _aRATING SYSTEM | ||
| 650 | _aBIDS | ||
| 650 | _aNON-DOMESTIC RATING | ||
| 650 | _aCOUNCIL TAX | ||
| 650 | _aREVALUATION | ||
| 650 | _aLOCAL GOVERNMENT | ||
| 690 | _aRATING AND LOCAL TAXATION | ||
| 942 | _n0 | ||
| 999 |
_c70550 _d70550 |
||